[Event "BAN-chT Walton (Women)"]
[Site "Dhaka"]
[Date "2023.03.26"]
[Round "5"]
[White "Mahjabeen, Islam"]
[Black "Kishoara, Shajrin Evana"]
[Result "0-1"]
[WhiteElo "1180"]
[BlackElo "1544"]
[PlyCount "46"]
[EventDate "2023.03.22"]
[EventType "team-tourn"]
[EventRounds "7"]
[EventCountry "BAN"]
[SourceTitle "CBM 213 Extra"]
[Source "ChessBase"]
[SourceDate "2023.05.31"]
[SourceVersion "1"]
[SourceVersionDate "2023.05.31"]
[SourceQuality "1"]
[WhiteTeam "Basir Memorial CC (W)"]
[BlackTeam "Shahin CC (W)"]
[WhiteTeamCountry "BAN"]
[BlackTeamCountry "BAN"]

1. e4 c5 2. Nf3 d6 3. Bc4 e6 4. d4 cxd4 5. Nxd4 Nf6 6. Nc3 a6 7. a3 Qc7 8. Be2 Nc6 9. Be3 Nxd4 10. Bxd4 Be7 11. 0-0 b5 12. b4 e5 13. Nd5 Nxd5 14. Bxe5 Nc3 15. Bxc3 Qxc3 16. Qd5 Ra7 17. f4 Be6 18. Bxb5+ axb5 19. Qxb5+ Rd7 20. Qb8+ Rd8 21. Qb5+ Bd7 22. Qb6 Qxc2 23. Rac1 Qxe4 0-1

[Event "BAN-chT (Women)"]
[Site "Dhaka"]
[Date "2021.09.15"]
[Round "8.1"]
[White "Khanam, Afroza"]
[Black "Kishoara, Shajrin Evana"]
[Result "1-0"]
[WhiteElo "1886"]
[BlackElo "1561"]
[PlyCount "75"]
[EventDate "2021.09.08"]
[EventType "team-tourn"]
[EventRounds "9"]
[EventCountry "BAN"]
[SourceTitle "CBM 204 Extra"]
[Source "ChessBase"]
[SourceDate "2021.11.30"]
[SourceVersion "1"]
[SourceVersionDate "2021.11.30"]
[SourceQuality "1"]
[WhiteTeam "Titas CC (W)"]
[BlackTeam "Shahin CC (W)"]
[WhiteTeamCountry "BAN"]
[BlackTeamCountry "BAN"]

1. d4 d5 2. e3 Nf6 3. Nf3 Bg4 4. Nbd2 e6 5. c4 dxc4 6. Bxc4 Bd6 7. Qb3 b6 8. h3 Bxf3 9. Nxf3 0-0 10. 0-0 Nc6 11. Qc2 Nb4 12. Qe2 Ne4 13. a3 Nd5 14. Bd3 Nef6 15. Qc2 c5 16. e4 Nf4 17. e5 Nxd3 18. Qxd3 Bxe5 19. Nxe5 cxd4 20. Nf3 Re8 21. Qxd4 Qc7 22. Bg5 Nd5 23. Rac1 Qb7 24. Rfd1 f6 25. Bh4 Qf7 26. Bg3 Rad8 27. Qa4 h6 28. Nd4 Kh8 29. Nc6 Ra8 30. Nb4 Nxb4 31. Qxb4 e5 32. Qb5 Qe7 33. Rd7 Qe6 34. Rcc7 Rg8 35. Qa6 Qf5 36. Qb7 Qg5 37. Rxg7 Rxg7 38. Qxa8+ 1-0

[Event "BAN-chT (Women)"]
[Site "Dhaka"]
[Date "2021.09.08"]
[Round "1.3"]
[White "Wadifa, Ahmed"]
[Black "Kishoara, Shajrin Evana"]
[Result "1-0"]
[WhiteElo "1724"]
[BlackElo "1561"]
[PlyCount "61"]
[EventDate "2021.09.08"]
[EventType "team-tourn"]
[EventRounds "9"]
[EventCountry "BAN"]
[SourceTitle "CBM 204 Extra"]
[Source "ChessBase"]
[SourceDate "2021.11.30"]
[SourceVersion "1"]
[SourceVersionDate "2021.11.30"]
[SourceQuality "1"]
[WhiteTeam "Bangladesh Navy (W)"]
[BlackTeam "Shahin CC (W)"]
[WhiteTeamCountry "BAN"]
[BlackTeamCountry "BAN"]

1. e4 c5 2. Nf3 e6 3. d4 cxd4 4. Nxd4 Nc6 5. Nc3 Nf6 6. Be3 Bb4 7. Bd3 a6 8. 0-0 Ne5 9. h3 Nxd3 10. cxd3 d6 11. Qa4+ Qd7 12. Qxb4 0-0 13. Qb3 e5 14. Nf3 Qe7 15. Rfe1 Be6 16. Qd1 Nd7 17. d4 f6 18. dxe5 fxe5 19. Nd5 Qd8 20. Rc1 Rb8 21. Ng5 Bf7 22. Nxf7 Rxf7 23. Qb3 Qf8 24. Nc7 Nc5 25. Bxc5 dxc5 26. Ne6 Qe7 27. Nxc5 Rbf8 28. Qe6 Qh4 29. g3 Qg5 30. Nd7 Rd8 31. Nxe5 1-0

[Event "Dhaka rapid (Women) op"]
[Site "Dhaka"]
[Date "2021.03.08"]
[Round "5"]
[White "Sultana, Sharmin Shirin"]
[Black "Kishoara, Shajrin Evana"]
[Result "1-0"]
[WhiteElo "2140"]
[BlackElo "1751"]
[PlyCount "45"]
[EventDate "2021.03.08"]
[EventType "swiss (rapid)"]
[EventRounds "7"]
[EventCountry "BAN"]
[SourceTitle "CBM 201 Extra"]
[Source "ChessBase"]
[SourceDate "2021.05.31"]
[SourceVersion "1"]
[SourceVersionDate "2021.05.31"]
[SourceQuality "1"]

1. d4 d5 2. Nf3 e6 3. c4 dxc4 4. Nc3 Nf6 5. Bg5 Be7 6. e3 c6 7. Bxc4 b5 8. Bd3 Bb7 9. 0-0 Nbd7 10. e4 a6 11. e5 Nd5 12. Ne4 0-0 13. Bxe7 Qxe7 14. Rc1 Nb4 15. Bb1 Nb6 16. Neg5 g6 17. Ne4 Rad8 18. Qd2 Nc4 19. Qh6 Nd5 20. Nfg5 f5 21. exf6 Nxf6 22. Nc5 Bc8 23. Rfe1 1-0